000 00577nam a22001817a 4500
005 20251127181015.0
008 251125b |||||||| |||| 00| 0 eng d
020 _a978-81-19613-17-5
041 _aeng
082 _a615.3 SUC-P
100 _aDR, SUCHARITHA. P & REDDY, DR. RAMESH AND REDDY, JAYASHANKAR
_98801
245 _aPHARMACEUTICS -I : A Practicals manual for 1st semester . [ B. Pharma and 1st year D Pharm]
250 _a1st ed.
260 _aNEW DELHI
_bINNOVATIVE PUBLICATION PVT LTD.
_c2024
300 _a111;P
650 _aPHARMACY
_xB.PHARMA
942 _cBK
999 _c8978
_d8976